<?xml version="1.0" encoding="UTF-8"?>
<record
    xmlns:xsi="http://www.w3.org/2001/XMLSchema-instance"
    xsi:schemaLocation="http://www.loc.gov/MARC21/slim http://www.loc.gov/standards/marcxml/schema/MARC21slim.xsd"
    xmlns="http://www.loc.gov/MARC21/slim">

  <leader>02073nam a22002417a 4500</leader>
  <controlfield tag="003">Uzh_bibl</controlfield>
  <controlfield tag="008">260525b        |||||||| |||| 00| 0 ukr d</controlfield>
  <datafield tag="020" ind1=" " ind2=" ">
    <subfield code="a">978-1-4052-5593-6</subfield>
    <subfield code="c">100.00</subfield>
  </datafield>
  <datafield tag="040" ind1=" " ind2=" ">
    <subfield code="b">&#x443;&#x43A;&#x440;.</subfield>
  </datafield>
  <datafield tag="041" ind1=" " ind2=" ">
    <subfield code="2">eng</subfield>
    <subfield code="a">eng</subfield>
  </datafield>
  <datafield tag="080" ind1=" " ind2=" ">
    <subfield code="a">821(410)</subfield>
  </datafield>
  <datafield tag="090" ind1=" " ind2=" ">
    <subfield code="a">821(410)</subfield>
    <subfield code="b">&#x41C; 83</subfield>
  </datafield>
  <datafield tag="100" ind1=" " ind2=" ">
    <subfield code="a"> Morpurgo, Michael </subfield>
  </datafield>
  <datafield tag="245" ind1=" " ind2=" ">
    <subfield code="a">Escape from Shangri-La</subfield>
    <subfield code="h">Text</subfield>
  </datafield>
  <datafield tag="260" ind1=" " ind2=" ">
    <subfield code="a">London</subfield>
    <subfield code="b">Egmont</subfield>
    <subfield code="c">2010</subfield>
  </datafield>
  <datafield tag="300" ind1=" " ind2=" ">
    <subfield code="a">206 s.</subfield>
  </datafield>
  <datafield tag="520" ind1=" " ind2=" ">
    <subfield code="a">A gripping and heartfelt war story from Britain&#x2019;s best-loved children&#x2019;s author, Michael Morpurgo. Turned away by his own son, Cessie&#x2019;s long-lost grandfather finds himself in the place he fears most a nursing home called Shangri-La. Only Cessie loves him and is determined to help him escape and unravel the truth of his past. A past that comes to him only in glimpses a lifeboat, a tin of condensed milk, a terrifying night on the beaches of Dunkirk in World War II.&#x417;&#x430;&#x445;&#x43E;&#x43F;&#x43B;&#x44E;&#x44E;&#x447;&#x430; &#x456; &#x449;&#x438;&#x440;&#x430; &#x432;&#x43E;&#x454;&#x43D;&#x43D;&#x430; &#x456;&#x441;&#x442;&#x43E;&#x440;&#x456;&#x44F; &#x432;&#x456;&#x434; &#x43D;&#x430;&#x439;&#x443;&#x43B;&#x44E;&#x431;&#x43B;&#x435;&#x43D;&#x456;&#x448;&#x43E;&#x433;&#x43E; &#x431;&#x440;&#x438;&#x442;&#x430;&#x43D;&#x441;&#x44C;&#x43A;&#x43E;&#x433;&#x43E; &#x434;&#x438;&#x442;&#x44F;&#x447;&#x43E;&#x433;&#x43E; &#x430;&#x432;&#x442;&#x43E;&#x440;&#x430; &#x41C;&#x430;&#x439;&#x43A;&#x43B;&#x430; &#x41C;&#x43E;&#x440;&#x43F;&#x443;&#x440;&#x433;&#x43E;. &#x412;&#x456;&#x434;&#x448;&#x442;&#x43E;&#x432;&#x445;&#x43D;&#x443;&#x442;&#x438;&#x439; &#x432;&#x43B;&#x430;&#x441;&#x43D;&#x438;&#x43C; &#x441;&#x438;&#x43D;&#x43E;&#x43C;, &#x434;&#x430;&#x432;&#x43D;&#x43E; &#x437;&#x430;&#x433;&#x443;&#x431;&#x43B;&#x435;&#x43D;&#x438;&#x439; &#x434;&#x456;&#x434;&#x443;&#x441;&#x44C; &#x421;&#x435;&#x441;&#x456; &#x43E;&#x43F;&#x438;&#x43D;&#x44F;&#x454;&#x442;&#x44C;&#x441;&#x44F; &#x432; &#x43C;&#x456;&#x441;&#x446;&#x456;, &#x44F;&#x43A;&#x43E;&#x433;&#x43E; &#x43D;&#x430;&#x439;&#x431;&#x456;&#x43B;&#x44C;&#x448;&#x435; &#x431;&#x43E;&#x457;&#x442;&#x44C;&#x441;&#x44F; &#x2014; &#x443; &#x431;&#x443;&#x434;&#x438;&#x43D;&#x43A;&#x443; &#x434;&#x43B;&#x44F; &#x43B;&#x456;&#x442;&#x43D;&#x456;&#x445; &#x43B;&#x44E;&#x434;&#x435;&#x439; &#x43F;&#x456;&#x434; &#x43D;&#x430;&#x437;&#x432;&#x43E;&#x44E; &#x428;&#x430;&#x43D;&#x433;&#x440;&#x456;-&#x41B;&#x430;. &#x422;&#x456;&#x43B;&#x44C;&#x43A;&#x438; &#x421;&#x435;&#x441;&#x441;&#x456; &#x43B;&#x44E;&#x431;&#x438;&#x442;&#x44C; &#x439;&#x43E;&#x433;&#x43E; &#x456; &#x440;&#x456;&#x448;&#x443;&#x447;&#x435; &#x43D;&#x430;&#x43B;&#x430;&#x448;&#x442;&#x43E;&#x432;&#x430;&#x43D;&#x430; &#x434;&#x43E;&#x43F;&#x43E;&#x43C;&#x43E;&#x433;&#x442;&#x438; &#x439;&#x43E;&#x43C;&#x443; &#x432;&#x442;&#x435;&#x43A;&#x442;&#x438; &#x442;&#x430; &#x440;&#x43E;&#x437;&#x43A;&#x440;&#x438;&#x442;&#x438; &#x43F;&#x440;&#x430;&#x432;&#x434;&#x443; &#x43F;&#x440;&#x43E; &#x439;&#x43E;&#x433;&#x43E; &#x43C;&#x438;&#x43D;&#x443;&#x43B;&#x435;. &#x41C;&#x438;&#x43D;&#x443;&#x43B;&#x435;, &#x44F;&#x43A;&#x435; &#x43F;&#x440;&#x438;&#x445;&#x43E;&#x434;&#x438;&#x442;&#x44C; &#x434;&#x43E; &#x43D;&#x44C;&#x43E;&#x433;&#x43E; &#x43B;&#x438;&#x448;&#x435; &#x43C;&#x438;&#x442;&#x442;&#x44F;&#x43C;&#x438;, &#x440;&#x44F;&#x442;&#x443;&#x432;&#x430;&#x43B;&#x44C;&#x43D;&#x438;&#x43C; &#x447;&#x43E;&#x432;&#x43D;&#x43E;&#x43C;, &#x431;&#x430;&#x43D;&#x43A;&#x43E;&#x44E; &#x437;&#x433;&#x443;&#x449;&#x435;&#x43D;&#x43E;&#x433;&#x43E; &#x43C;&#x43E;&#x43B;&#x43E;&#x43A;&#x430;, &#x441;&#x442;&#x440;&#x430;&#x448;&#x43D;&#x43E;&#x44E; &#x43D;&#x456;&#x447;&#x447;&#x44E; &#x43D;&#x430; &#x43F;&#x43B;&#x44F;&#x436;&#x430;&#x445; &#x414;&#x44E;&#x43D;&#x43A;&#x435;&#x440;&#x43A;&#x430; &#x43F;&#x456;&#x434; &#x447;&#x430;&#x441; &#x414;&#x440;&#x443;&#x433;&#x43E;&#x457; &#x441;&#x432;&#x456;&#x442;&#x43E;&#x432;&#x43E;&#x457; &#x432;&#x456;&#x439;&#x43D;&#x438;.</subfield>
  </datafield>
  <datafield tag="521" ind1=" " ind2=" ">
    <subfield code="a">&#x414;&#x43B;&#x44F; &#x43F;&#x456;&#x434;&#x43B;&#x456;&#x442;&#x43A;&#x456;&#x432;</subfield>
  </datafield>
  <datafield tag="525" ind1=" " ind2=" ">
    <subfield code="a">&#x414;&#x43B;&#x44F; &#x441;&#x442;&#x430;&#x440;&#x448;&#x43E;&#x433;&#x43E; &#x448;&#x43A;&#x456;&#x43B;&#x44C;&#x43D;&#x43E;&#x433;&#x43E; &#x432;&#x456;&#x43A;&#x443;</subfield>
  </datafield>
  <datafield tag="546" ind1=" " ind2=" ">
    <subfield code="a">&#x443;&#x43A;&#x440;.</subfield>
  </datafield>
  <datafield tag="650" ind1=" " ind2=" ">
    <subfield code="a">&#x41B;&#x456;&#x442;&#x435;&#x440;&#x430;&#x442;&#x443;&#x440;&#x43D;&#x43E;-&#x445;&#x443;&#x434;&#x43E;&#x436;&#x43D;&#x435; &#x432;&#x438;&#x434;&#x430;&#x43D;&#x43D;&#x44F;</subfield>
  </datafield>
  <datafield tag="942" ind1=" " ind2=" ">
    <subfield code="2">udc</subfield>
    <subfield code="c">BK</subfield>
  </datafield>
  <datafield tag="999" ind1=" " ind2=" ">
    <subfield code="c">17966</subfield>
    <subfield code="d">17966</subfield>
  </datafield>
  <datafield tag="952" ind1=" " ind2=" ">
    <subfield code="0">0</subfield>
    <subfield code="1">0</subfield>
    <subfield code="2">udc</subfield>
    <subfield code="4">0</subfield>
    <subfield code="7">0</subfield>
    <subfield code="a">MBdD</subfield>
    <subfield code="b">MBdD</subfield>
    <subfield code="d">2026-04-23</subfield>
    <subfield code="e">&#x41F;&#x43E;&#x434;&#x430;&#x440;&#x43E;&#x432;&#x430;&#x43D;&#x456;</subfield>
    <subfield code="i">80869</subfield>
    <subfield code="l">0</subfield>
    <subfield code="o">821(410)</subfield>
    <subfield code="p">19438</subfield>
    <subfield code="r">2026-05-26</subfield>
    <subfield code="w">2026-05-26</subfield>
    <subfield code="y">BK</subfield>
  </datafield>
</record>
